| 000 | 00998nam a22003017a 4500 | ||
|---|---|---|---|
| 001 | 7290 | ||
| 003 | FISKH | ||
| 005 | 20250708134745.0 | ||
| 008 | 250708b cb ||||| |||| 00| 0 eng d | ||
| 020 | _a0440700310 | ||
| 040 |
_aDLC _cDLC _dDLC _beng |
||
| 050 | _aPZ7.L9673 N | ||
| 082 | _a813.54 | ||
| 100 | 1 |
_aLowry, Lois _d(1937-) |
|
| 245 | 1 | 0 |
_aNumber the stars / _cLois Lowry |
| 250 | _aThis edition first published in 1990 | ||
| 260 |
_aNew York : _bA yearling book, _c1989 |
||
| 300 |
_a137 pages : _c18 cm |
||
| 505 | _aR | ||
| 520 | _aIn 1943, during the German occupation of Denmark, ten-year-old Annemarie learns how to be brave and courageous when she helps shelter her Jewish friend from the Nazis. | ||
| 521 | 8 |
_a670
_bLexile |
|
| 521 | 8 |
_aR
_bRaz-Plus |
|
| 650 | 0 |
_aWorld War, 1939-1945 _zDenmark _xJuvenile fiction. |
|
| 650 | 1 |
_aWorld War, 1939-1945 _xFiction. |
|
| 650 | 1 |
_aWorld War, 1939-1945 _xJews _xRescue _xFiction. |
|
| 942 |
_2ddc _cBK _n0 |
||
| 999 |
_c7290 _d7290 |
||